[Event "64. BEM 2010"]
[Site "Dortmund"]
[Date "2010.02.22"]
[Round "1.24"]
[White "Rutmann, Ulrich"]
[Black "Wangrin, Stefan A"]
[Result "1/2-1/2"]
[WhiteElo "1357"]
[BlackElo "1076"]
[PlyCount "76"]
[EventDate "2010.??.??"]
[Source "SG Dortmund"]
[SourceDate "2004.12.16"]

1. e4 e5 2. Nf3 Nc6 3. Bb5 Bd6 4. c3 Nce7 5. d4 c6 6. Bc4 f6 7. dxe5 Bxe5 8.
Nxe5 fxe5 9. Qh5+ Ng6 10. Bxg8 Rxg8 11. Qxh7 Kf7 12. Qh5 Rh8 13. Qf5+ Qf6 14.
Be3 Qxf5 15. exf5 Nf4 16. Bxf4 exf4 17. O-O d5 18. Nd2 Bxf5 19. Nf3 Kf6 20.
Rfe1 Rae8 21. h3 Rxe1+ 22. Rxe1 Rh6 23. Re8 Bd7 24. Rf8+ Ke7 25. Rxf4 Rg6 26.
Ne5 Rf6 27. Rxf6 gxf6 28. Nxd7 Kxd7 29. f4 c5 30. Kf2 f5 31. Ke3 Ke6 32. a3 b6
33. g4 a5 34. g5 Kf7 35. Kd3 a4 36. Kc2 b5 37. Kd3 Kg6 38. Kc2 Kf7 1/2-1/2

[Event "64. BEM 2010"]
[Site "Dortmund"]
[Date "2010.02.22"]
[Round "1.25"]
[White "Müller, Michaela"]
[Black "Weih, Kurt"]
[Result "0-1"]
[WhiteElo "1042"]
[BlackElo "1356"]
[PlyCount "86"]
[EventDate "2010.??.??"]
[Source "SG Dortmund"]
[SourceDate "2004.12.16"]

1. d4 Nf6 2. c4 g6 3. Nf3 Bg7 4. e3 d5 5. Nc3 Bg4 6. Bd2 O-O 7. Be2 c6 8. O-O
Nbd7 9. h3 Bxf3 10. Bxf3 Nb6 11. cxd5 Nbxd5 12. Nxd5 Nxd5 13. Rc1 e6 14. Bxd5
exd5 15. Qf3 Re8 16. Bc3 Qh4 17. Qg3 Qe7 18. Rfe1 Bh6 19. a3 Qd7 20. Bb4 Re4
21. Bc3 Rae8 22. Bd2 f5 23. f4 Qd8 24. h4 Qb6 25. b4 Qb5 26. Qf3 a6 27. Qf1 Qb6
28. g3 R8e7 29. Rc5 Bf8 30. Qf2 R7e6 31. Rc2 Qb5 32. Kg2 Qa4 33. Ra2 Qb3 34.
Bc1 Bg7 35. Rae2 Qd3 36. Kf3 Bxd4 37. Bd2 Ba7 38. a4 d4 39. Kg2 dxe3 40. Bxe3
Bxe3 41. Rxe3 Rxe3 42. Rxe3 Qxe3 43. Qf1 Qe2+ 0-1

[Event "64. BEM 2010"]
[Site "Dortmund"]
[Date "2010.02.22"]
[Round "1.26"]
[White "Gennat, Egon L"]
[Black "Militello, Luca"]
[Result "1-0"]
[WhiteElo "1353"]
[BlackElo "1025"]
[PlyCount "55"]
[EventDate "2010.??.??"]
[Source "SG Dortmund"]
[SourceDate "2004.12.16"]

1. d4 d5 2. c4 e6 3. Nc3 Nf6 4. Bg5 Be7 5. Nf3 O-O 6. e3 Nc6 7. Bd3 h6 8. Bh4
Nb4 9. Be2 c5 10. a3 Nc6 11. O-O Na5 12. cxd5 Nxd5 13. Bxe7 Qxe7 14. Nxd5 exd5
15. dxc5 Qxc5 16. b4 Qc3 17. bxa5 Qxa5 18. Qd4 Be6 19. Rfc1 b6 20. Ne5 Rac8 21.
Nc6 Rxc6 22. Rxc6 Bd7 23. Rc7 Be6 24. Qb4 Qxb4 25. axb4 Rd8 26. Bd3 g6 27. f4
d4 28. e4 1-0

[Event "64. BEM 2010"]
[Site "Dortmund"]
[Date "2010.02.22"]
[Round "1.27"]
[White "Tekin, Baran"]
[Black "Imrek, Ozan Mert"]
[Result "0-1"]
[WhiteElo "948"]
[BlackElo "1351"]
[PlyCount "158"]
[EventDate "2010.??.??"]
[Source "SG Dortmund"]
[SourceDate "2004.12.16"]

1. d4 e6 2. c4 d5 3. Nf3 c6 4. a3 Nf6 5. Bg5 Nbd7 6. e3 dxc4 7. Bxc4 b5 8. Bd3
a6 9. O-O Be7 10. Ne5 Nxe5 11. dxe5 Nd7 12. Bxe7 Qxe7 13. Be4 Bb7 14. f4 Nc5
15. Bf3 O-O 16. b4 Na4 17. Qc2 Rac8 18. Nd2 c5 19. Bxb7 Qxb7 20. Qb3 c4 21. Qc2
Rfd8 22. Ne4 Qb6 23. Rfe1 Rd3 24. Qe2 Qc6 25. Nd6 Rd8 26. Qf3 Qxf3 27. gxf3 Nb6
28. Nb7 Ra8 29. Nc5 Rd2 30. e4 Rad8 31. f5 c3 32. Nb3 Rb2 33. Red1 Rxd1+ 34.
Rxd1 h6 35. Nc1 Nc4 36. Re1 Nd2 37. Re3 c2 38. Rc3 Nb1 39. Rc8+ Kh7 40. Nd3 Rb3
41. Nc1 Rxf3 42. Rxc2 Nxa3 43. fxe6 fxe6 44. Ra2 Kg6 45. Rg2+ Kf7 46. Rf2 Rxf2
47. Kxf2 Nc2 48. Nd3 g5 49. Ke2 Nd4+ 50. Ke3 Nc6 51. Kf3 a5 52. bxa5 Nxa5 53.
Nb4 Kg6 54. Kg4 h5+ 55. Kg3 Nc4 56. Nc6 h4+ 57. Kg4 Ne3+ 58. Kf3 Nc4 59. Kg4
Kh6 60. h3 Nd2 61. Nd4 b4 62. Nf5+ exf5+ 63. exf5 Ne4 64. e6 Nf6+ 65. Kf3 b3
66. e7 b2 67. e8=Q Nxe8 68. Ke4 b1=Q+ 69. Ke5 Qe1+ 70. Kd5 Nf6+ 71. Kd6 Qe8 72.
Kc7 Kg7 73. Kd6 Kf7 74. Kc7 Ke7 75. Kb7 Kd7 76. Ka6 Qb8 77. Ka5 Nd5 78. f6 Qb4+
79. Ka6 Qb6# 0-1

[Event "64. BEM 2010"]
[Site "Dortmund"]
[Date "2010.02.22"]
[Round "1.28"]
[White "Skoecz, Horst"]
[Black "Rabe, Mark"]
[Result "1-0"]
[WhiteElo "1349"]
[BlackElo "948"]
[PlyCount "135"]
[EventDate "2010.??.??"]
[Source "SG Dortmund"]
[SourceDate "2004.12.16"]

1. e4 e5 2. Nf3 Nc6 3. d4 d6 4. dxe5 dxe5 5. Qxd8+ Nxd8 6. Nxe5 Be6 7. Nc4 Nc6
8. c3 Be7 9. Bf4 O-O-O 10. Ne5 Nxe5 11. Bxe5 f6 12. Bf4 g5 13. Be3 b6 14. Be2
Nh6 15. h3 Nf7 16. Bg4 Bxg4 17. hxg4 Ne5 18. f3 Nd3+ 19. Ke2 Nxb2 20. a4 Nc4
21. Nd2 Nxe3 22. Kxe3 Bc5+ 23. Ke2 a5 24. Rh6 Be7 25. Nf1 Rd6 26. Ne3 Bf8 27.
Rhh1 h6 28. Nf5 Rd7 29. Rad1 Rxd1 30. Kxd1 Kd7 31. Kc2 Kc6 32. Kb3 Kc5 33. Nd4
Kd6 34. g3 c5 35. Nb5+ Ke5 36. Rd1 Be7 37. Rd5+ Ke6 38. Nc7+ Kf7 39. Rd1 h5 40.
Rh1 Kg6 41. Nd5 Bd8 42. f4 h4 43. f5+ Kf7 44. Ne3 Bc7 45. Nd5 Bd8 46. Rh3 Kg7
47. Kc4 hxg3 48. Rxg3 Rh2 49. Kb5 Re2 50. Re3 Rg2 51. Kc6 Kf7 52. Kd7 Be7 53.
Nxe7 Rxg4 54. Nd5 Rg1 55. Nxb6 g4 56. Nc4 g3 57. Nd6+ Kf8 58. e5 g2 59. e6 Rb1
60. e7+ Kg7 61. Rg3+ Kh6 62. Rxg2 Re1 63. Nf7+ Kh5 64. Nd6 Kh4 65. e8=Q Rxe8
66. Nxe8 c4 67. Nxf6 Kh3 68. Rg8 1-0

[Event "64. BEM 2010"]
[Site "Dortmund"]
[Date "2010.02.22"]
[Round "1.29"]
[White "Böckmann, Lieselotte"]
[Black "Hübel, Carsten"]
[Result "0-1"]
[WhiteElo "922"]
[BlackElo "1344"]
[PlyCount "58"]
[EventDate "2010.??.??"]
[Source "SG Dortmund"]
[SourceDate "2004.12.16"]

1. d4 Nf6 2. c3 e6 3. Nf3 b6 4. e3 Bb7 5. Nbd2 Be7 6. Be2 O-O 7. Qc2 d6 8. O-O
Nbd7 9. Re1 c5 10. Bd3 g6 11. e4 cxd4 12. cxd4 e5 13. d5 Rc8 14. Nc4 b5 15. Qe2
bxc4 16. Bc2 Kh8 17. Bd2 Nc5 18. Rac1 Ba6 19. Bc3 Nd3 20. Qd2 Nxe1 21. Qxe1 Qd7
22. Bd1 Nh5 23. Bxe5+ dxe5 24. Nxe5 Qb5 25. Be2 Qxb2 26. Nc6 Nf4 27. Kh1 Nxe2
28. Rb1 Qc2 29. Nxe7 Rb8 0-1

[Event "64. BEM 2010"]
[Site "Dortmund"]
[Date "2010.02.22"]
[Round "1.30"]
[White "Raabe, Hans-Ulrich"]
[Black "Riepe, Markus"]
[Result "1-0"]
[WhiteElo "1338"]
[BlackElo "804"]
[PlyCount "47"]
[EventDate "2010.??.??"]
[Source "SG Dortmund"]
[SourceDate "2004.12.16"]

1. e4 b6 2. Nf3 Bb7 3. Nc3 Nc6 4. d4 e6 5. Be2 Bb4 6. O-O Bxc3 7. bxc3 Nf6 8.
e5 Nd5 9. Bd2 a5 10. c4 Ndb4 11. c3 Na6 12. d5 Ne7 13. Bg5 exd5 14. cxd5 Bxd5
15. Bxe7 Qxe7 16. Qxd5 O-O 17. Bxa6 Rxa6 18. Rad1 Rd8 19. Nd4 g6 20. Nc6 dxc6
21. Qxd8+ Qf8 22. Qxc7 Ra8 23. Rd7 Re8 24. Rfd1 1-0

[Event "64. BEM 2010"]
[Site "Dortmund"]
[Date "2010.02.22"]
[Round "1.31"]
[White "Wilkins, Petra"]
[Black "Marienfeld, Udo"]
[Result "0-1"]
[WhiteElo "783"]
[BlackElo "1334"]
[PlyCount "96"]
[EventDate "2010.??.??"]
[Source "SG Dortmund"]
[SourceDate "2004.12.16"]

1. e4 e5 2. Nf3 Nc6 3. Nc3 Nf6 4. Be2 Bc5 5. O-O d6 6. b3 Bg4 7. Bb2 Qd7 8. d4
exd4 9. Nd5 Nxd5 10. exd5 Ne7 11. c4 Bxf3 12. Bxf3 O-O 13. Be4 f5 14. Bc2 c6
15. b4 Bxb4 16. Qxd4 Rf7 17. Rad1 Bc5 18. Qc3 Rc8 19. Ba4 b5 20. dxc6 Qxc6 21.
cxb5 Bxf2+ 22. Rxf2 Qxc3 23. Bxc3 Rxc3 24. Rfd2 d5 25. Rf1 Rf6 26. Rd4 Rd6 27.
Re1 Kf7 28. Bd1 Re6 29. Rxe6 Kxe6 30. h3 Ke5 31. Rd2 Rc4 32. Re2+ Re4 33. a4 d4
34. Kf1 Nd5 35. Bc2 Rxe2 36. Kxe2 g6 37. Kf3 Nc3 38. Bb3 d3 39. Ke3 Ne4 40.
Kxd3 Nc5+ 41. Kc3 g5 42. a5 Nxb3 43. Kxb3 Kd6 44. Kc4 h5 45. b6 axb6 46. a6 Kc7
47. a7 Kb7 48. Kb5 Kxa7 0-1

[Event "64. BEM 2010"]
[Site "Dortmund"]
[Date "2010.02.22"]
[Round "1.32"]
[White "Strotmann, Dieter"]
[Black "Reker, Gerhard"]
[Result "1-0"]
[WhiteElo "1274"]
[BlackElo "772"]
[PlyCount "105"]
[EventDate "2010.??.??"]
[Source "SG Dortmund"]
[SourceDate "2004.12.16"]

1. Nf3 Nf6 2. g3 e6 3. Bg2 d5 4. b3 Ne4 5. Bb2 Bc5 6. d4 Bb4+ 7. c3 Bd6 8. O-O
O-O 9. Nbd2 c5 10. dxc5 Bxc5 11. Nxe4 dxe4 12. Nd2 e3 13. Ne4 Bb6 14. f4 Nc6
15. Qxd8 Bxd8 16. Rad1 Bb6 17. Rd3 e5 18. Bc1 exf4 19. Rxf4 Ne5 20. Rd5 Ng6 21.
Rf1 Be6 22. Rd3 Bg4 23. Bf3 Ne5 24. Bxe3 Nxd3 25. Bxb6 axb6 26. exd3 Bh3 27.
Rf2 Bf5 28. d4 Bxe4 29. Bxe4 Rab8 30. c4 Rfe8 31. Bd5 Re7 32. Kg2 Rbe8 33. a4
Kh8 34. b4 f6 35. c5 bxc5 36. dxc5 h6 37. b5 Ra8 38. Ra2 Rd7 39. Bf3 Rb8 40. c6
bxc6 41. Bxc6 Rd4 42. a5 Rbd8 43. a6 Rc4 44. a7 Rxc6 45. bxc6 Rc8 46. a8=Q Rxa8
47. Rxa8+ Kh7 48. c7 Kg6 49. c8=Q h5 50. h4 Kh6 51. Qf5 g6 52. Qxf6 Kh7 53.
Qh8# 1-0

[Event "64. BEM 2010"]
[Site "Dortmund"]
[Date "2010.02.23"]
[Round "2.1"]
[White "Heinzel, Olaf"]
[Black "Borjini, Faouzi"]
[Result "1-0"]
[WhiteElo "2304"]
[BlackElo "1919"]
[PlyCount "93"]
[EventDate "2010.??.??"]
[Source "SG Dortmund"]
[SourceDate "2004.12.16"]

1. d4 Nf6 2. Bf4 d5 3. Nf3 e6 4. Nbd2 Nbd7 5. e3 Be7 6. h3 O-O 7. Bd3 Re8 8.
Ne5 Nxe5 9. dxe5 Nd7 10. c3 Nf8 11. h4 c5 12. Nf3 Qb6 13. Qe2 Bd7 14. Ng5 f6
15. Nf3 a6 16. a4 Qa5 17. O-O c4 18. Bc2 f5 19. h5 Qd8 20. g4 fxg4 21. Nd4 Bg5
22. Bg3 Bh4 23. Qxg4 Bxg3 24. Qxg3 Re7 25. f4 Qe8 26. Qg4 b5 27. axb5 axb5 28.
Rxa8 Qxa8 29. Qh4 Rf7 30. Qe1 Be8 31. e4 Ra7 32. exd5 Qxd5 33. Be4 Qd8 34. Qf2
Ra2 35. f5 Qg5+ 36. Bg2 Bxh5 37. fxe6 Ra8 38. e7 Nd7 39. Ne6 Qxe7 40. Bxa8 Qxe6
41. Qd4 Nb6 42. Qc5 Bf7 43. Bc6 Qg4+ 44. Bg2 Qg6 45. Qe7 h5 46. Rxf7 Qxf7 47.
Qd8+ 1-0

[Event "64. BEM 2010"]
[Site "Dortmund"]
[Date "2010.02.23"]
[Round "2.2"]
[White "Morawietz, Manuel"]
[Black "Schiefelbusch, Dirk"]
[Result "0-1"]
[WhiteElo "1952"]
[BlackElo "2125"]
[PlyCount "104"]
[EventDate "2010.??.??"]
[Source "SG Dortmund"]
[SourceDate "2004.12.16"]

1. d4 d5 2. c4 c6 3. Nf3 Nf6 4. e3 Bg4 5. Qb3 Qc7 6. Ne5 e6 7. Nc3 Bf5 8. Bd3
Bxd3 9. Nxd3 Nbd7 10. cxd5 exd5 11. Bd2 Bd6 12. h3 O-O 13. Rc1 Qb6 14. O-O Qxb3
15. axb3 Rfe8 16. Na4 Ne4 17. Bb4 Bxb4 18. Nxb4 Nd2 19. Rfd1 Nxb3 20. Rc3 Na5
21. Nc5 Nxc5 22. Rxc5 Nc4 23. b3 Nd6 24. Ra1 f6 25. Kf1 a6 26. Nd3 Re7 27. Nb2
Rae8 28. Na4 Kf7 29. Rac1 g5 30. g3 f5 31. Nb2 f4 32. gxf4 gxf4 33. Nd3 fxe3
34. Ne5+ Kg7 35. fxe3 Nf7 36. e4 Nxe5 37. dxe5 dxe4 38. Ke2 Rxe5 39. R5c3 Kf6
40. Rg3 Ke6 41. Rcg1 Kd6 42. Rd1+ Kc7 43. Ke3 R8e7 44. Rd4 a5 45. b4 Rb5 46.
bxa5 Rb3+ 47. Kf2 Rxg3 48. Kxg3 e3 49. Rd1 e2 50. Re1 Re3+ 51. Kg2 c5 52. Kf2
Re5 0-1

[Event "64. BEM 2010"]
[Site "Dortmund"]
[Date "2010.02.23"]
[Round "2.3"]
[White "Lindam, Ingo"]
[Black "Werner, Patrick"]
[Result "1/2-1/2"]
[WhiteElo "2076"]
[BlackElo "1832"]
[PlyCount "100"]
[EventDate "2010.??.??"]
[Source "SG Dortmund"]
[SourceDate "2004.12.16"]

1. d4 d5 2. Nf3 Nf6 3. Bf4 c5 4. e3 Nc6 5. Nbd2 Bg4 6. h3 Bxf3 7. Nxf3 e6 8. c3
Qb6 9. Rb1 Be7 10. Bd3 cxd4 11. exd4 Rc8 12. O-O O-O 13. Re1 g6 14. g4 Rfe8 15.
Ng5 Bf8 16. Qf3 Bg7 17. Be5 Qd8 18. Nxf7 Kxf7 19. g5 Kg8 20. gxf6 Rf8 21. Qg4
Bxf6 22. Qxe6+ Kg7 23. Bg3 Bg5 24. Bf1 h5 25. Bg2 Rf5 {(=)} 26. Be5+ Kh6 27. f4
Bxf4 28. Bxf4+ Rxf4 29. Qxd5 Qh4 30. Rf1 Rcf8 31. Rxf4 Qxf4 32. Rf1 Qe3+ 33.
Kh1 Rxf1+ 34. Bxf1 Ne7 {(=)} 35. Qe5 Qc1 36. Kg1 Nf5 37. Qh8+ Kg5 38. Qd8+ Kf4
39. Qc7+ Kg5 40. Qd8+ Kf4 41. Qc7+ Kg5 42. Qh2 Kf6 43. Qe5+ Kg5 44. h4+ Kxh4
45. Kf2 Qxb2+ 46. Be2 Kg5 47. Qc7 Qd2 48. Qd8+ Kh6 49. Qh8+ Kg5 50. Qd8+ Kh6
1/2-1/2

[Event "64. BEM 2010"]
[Site "Dortmund"]
[Date "2010.02.23"]
[Round "2.4"]
[White "Simon, Thomas"]
[Black "Brockmann, Michael"]
[Result "0-1"]
[WhiteElo "1885"]
[BlackElo "2063"]
[PlyCount "68"]
[EventDate "2010.??.??"]
[Source "SG Dortmund"]
[SourceDate "2004.12.16"]

1. Nf3 g6 2. d4 Bg7 3. g3 c5 4. c3 d5 5. Bg2 e6 6. O-O Ne7 7. Bg5 Nbc6 8. dxc5
h6 9. Bc1 e5 10. b4 e4 11. Nd4 Nxd4 12. cxd4 Nc6 13. Bf4 Nxd4 14. Nc3 O-O 15.
Bd6 Nf5 16. Nxd5 Nxd6 17. cxd6 Qxd6 18. Rc1 Bf5 19. Rc7 Kh8 20. Rxb7 Qa6 21.
Rc7 Qxa2 22. Ne3 Rad8 23. Qc1 Be6 24. Bxe4 Rd4 25. Bf3 Rxb4 26. Qc5 Ra4 27. Kg2
Qa3 28. Qc6 a5 29. h4 h5 30. Rc1 Rd8 31. Nc4 Qxc1 32. Qxa4 Rd4 33. Qe8+ Kh7 34.
Ne3 Qxc7 0-1

[Event "64. BEM 2010"]
[Site "Dortmund"]
[Date "2010.02.23"]
[Round "2.5"]
[White "Zachos, Ingo"]
[Black "Dreier, Daniel"]
[Result "1-0"]
[WhiteElo "2024"]
[BlackElo "1792"]
[PlyCount "81"]
[EventDate "2010.??.??"]
[Source "SG Dortmund"]
[SourceDate "2004.12.16"]

1. c4 Nf6 2. Nf3 c6 3. g3 g6 4. b3 Bg7 5. Bb2 O-O 6. Bg2 d5 7. O-O Nbd7 8. d3
Re8 9. Nbd2 e5 10. cxd5 Nxd5 11. Nc4 b5 12. Nd6 Re6 13. Nxc8 Rxc8 14. Nd2 f5
15. a3 Qb6 16. Rc1 Rf8 17. Qc2 Bh6 18. Rcd1 N7f6 19. e4 Ne7 20. exf5 gxf5 21.
Nf3 Nd7 22. Rde1 Ng6 23. b4 Rfe8 24. Qb3 Kf8 25. Bh3 Rf6 26. Qc2 Rf7 27. Bc1 f4
28. d4 exd4 29. Be6 Rfe7 30. Qf5+ Kg7 31. Bxd7 Rf7 32. Qg4 Rd8 33. Be6 Rff8 34.
Nh4 fxg3 35. Bxh6+ Kxh6 36. Nf5+ Rxf5 37. Bxf5 gxh2+ 38. Kxh2 Qc7+ 39. Qg3 Qf7
40. Bxg6 hxg6 41. Qh4+ 1-0

[Event "64. BEM 2010"]
[Site "Dortmund"]
[Date "2010.02.23"]
[Round "2.7"]
[White "Lauche, Christoph"]
[Black "Zabel, Reinhard"]
[Result "1-0"]
[WhiteElo "1960"]
[BlackElo "1492"]
[PlyCount "43"]
[EventDate "2010.??.??"]
[Source "SG Dortmund"]
[SourceDate "2004.12.16"]

1. e4 e5 2. Bc4 Nf6 3. d4 exd4 4. Nf3 Bb4+ 5. c3 dxc3 6. O-O d6 7. Qb3 Bc5 8.
Bxf7+ Kf8 9. Nxc3 Qe7 10. Bc4 Nc6 11. Bg5 Na5 12. Qa4 Nxc4 13. Qxc4 Be6 14. Qd3
h6 15. Bh4 Qf7 16. b3 g6 17. Nd4 Kg7 18. e5 dxe5 19. Bxf6+ Qxf6 20. Ne4 Bxd4
21. Nxf6 Bxa1 22. Nh5+ 1-0

[Event "64. BEM 2010"]
[Site "Dortmund"]
[Date "2010.02.23"]
[Round "2.9"]
[White "Vojdani, Bahram"]
[Black "Zimmermann, Dirk"]
[Result "0-1"]
[WhiteElo "1735"]
[BlackElo "1960"]
[PlyCount "112"]
[EventDate "2010.??.??"]
[Source "SG Dortmund"]
[SourceDate "2004.12.16"]

1. d4 Nf6 2. c4 g6 3. Nc3 Bg7 4. e4 d6 5. Be2 Nbd7 6. f4 O-O 7. Nf3 c5 8. e5
Ne8 9. Be3 cxd4 10. Bxd4 dxe5 11. Bxe5 Bxe5 12. Nxe5 Nd6 13. Nxd7 Bxd7 14. b3
Qa5 15. Rc1 Bc6 16. Bf3 Nf5 17. Bxc6 bxc6 18. Qf3 Nd4 19. Qf2 Rad8 20. O-O Ne6
21. Qe3 Rd7 22. Rfd1 Rfd8 23. Rxd7 Rxd7 24. g3 Qd8 25. Qe1 Rd3 26. Ne2 Rd2 27.
a3 Qd3 28. Rc3 Qxe2 29. Qxe2 Rxe2 30. Rd3 Rb2 31. b4 Ra2 32. b5 cxb5 33. cxb5
Kf8 34. Rb3 Ke8 35. b6 axb6 36. Rxb6 Rxa3 37. Rb8+ Kd7 38. Rh8 h5 39. Rh7 Ke8
40. Rh8+ Nf8 41. Kg2 f6 42. f5 gxf5 43. Rxh5 e6 44. Rh4 Kf7 45. Rc4 e5 46. Rc7+
Kg6 47. Re7 Ra2+ 48. Kg1 Ra6 49. Kf2 Ne6 50. Re8 Ng5 51. Rc8 Ra2+ 52. Kg1 Nf3+
53. Kf1 Nxh2+ 54. Kg1 Nf3+ 55. Kf1 Ng5 56. Rg8+ Kh5 0-1

[Event "64. BEM 2010"]
[Site "Dortmund"]
[Date "2010.02.23"]
[Round "2.10"]
[White "Dörre, Niels"]
[Black "Zelt, Jens"]
[Result "0-1"]
[WhiteElo "1609"]
[BlackElo "2020"]
[PlyCount "58"]
[EventDate "2010.??.??"]
[Source "SG Dortmund"]
[SourceDate "2004.12.16"]

1. e4 c5 2. Nf3 d6 3. d4 cxd4 4. Nxd4 Nf6 5. Nc3 a6 6. Bd3 g6 7. Nde2 b5 8. a3
Bb7 9. Ng3 Nbd7 10. Be3 Rc8 11. Qd2 Ng4 12. Be2 Nxe3 13. Qxe3 Bg7 14. Rd1 Qc7
15. Rd3 O-O 16. f4 Nb6 17. O-O Nc4 18. Qc1 Nxb2 19. Qxb2 Bxc3 20. Qb3 Bg7 21.
Bg4 Qb6+ 22. Kh1 Rc4 23. Re3 Qc5 24. Re2 Rc3 25. Qa2 Rxa3 26. Qb1 Bc8 27. Bf3
b4 28. Qd1 a5 29. Qd5 Ba6 0-1

[Event "64. BEM 2010"]
[Site "Dortmund"]
[Date "2010.02.23"]
[Round "2.11"]
[White "Rzoczek, Christoph"]
[Black "Grube, Jörg"]
[Result "0-1"]
[WhiteElo "1468"]
[BlackElo "1730"]
[PlyCount "84"]
[EventDate "2010.??.??"]
[Source "SG Dortmund"]
[SourceDate "2004.12.16"]

1. d4 Nf6 2. Nf3 g6 3. Nbd2 d5 4. c3 Bg7 5. Qc2 Bf5 6. Qb3 Qc8 7. Nh4 Be6 8.
Nhf3 O-O 9. e3 c5 10. Be2 Nc6 11. O-O Qc7 12. Qd1 c4 13. Re1 b5 14. Nf1 a5 15.
Ng3 b4 16. Bd2 Rfb8 17. Bf1 Bf5 18. Nxf5 gxf5 19. h3 Rb6 20. Nh2 Rab8 21. g4 e6
22. Bg2 bxc3 23. Bxc3 Ne4 24. Bxe4 fxe4 25. g5 Rxb2 26. Bxb2 Rxb2 27. Re2 Rxe2
28. Qxe2 Nb4 29. Qh5 c3 30. Ng4 c2 31. Nf6+ Kf8 32. Rc1 Nd3 33. Qxh7 Nxc1 34.
Qg8+ Ke7 35. Qxg7 Ne2+ 36. Kg2 c1=Q 37. Nxd5+ exd5 38. Qf6+ Kd7 39. Qxf7+ Kc6
40. Qe6+ Kb7 41. Qxd5+ Kb6 42. Qb3+ Ka7 0-1

[Event "64. BEM 2010"]
[Site "Dortmund"]
[Date "2010.02.23"]
[Round "2.12"]
[White "Ziemek, Gerhard"]
[Black "Siwy, Boguslaw"]
[Result "1-0"]
[WhiteElo "1717"]
[BlackElo "1479"]
[PlyCount "85"]
[EventDate "2010.??.??"]
[Source "SG Dortmund"]
[SourceDate "2004.12.16"]

1. d4 d5 2. Nc3 Nf6 3. f3 Nbd7 4. e4 e6 5. e5 Nh5 6. Be3 g6 7. Nh3 c5 8. Be2
cxd4 9. Bxd4 a6 10. Qd2 Bc5 11. O-O-O Qc7 12. f4 Ng7 13. g4 b5 14. Bf3 Bb7 15.
Nf2 Rc8 16. Ne2 b4 17. h4 h5 18. Nd3 Qa5 19. Kb1 Bxd4 20. Nxd4 Rc4 21. Nb3 Qc7
22. Nxb4 a5 23. Nd3 a4 24. Nbc1 hxg4 25. Bxg4 d4 26. Rh2 Be4 27. a3 Nb6 28. Nb4
Ke7 29. Ncd3 Rc8 30. Rc1 Qb7 31. h5 gxh5 32. Bxh5 Nf5 33. Qe1 Nd5 34. Nxd5+
Bxd5 35. Qg1 Rc3 36. Nb4 Rg3 37. Qe1 Re3 38. Nxd5+ Qxd5 39. Qb4+ Kd8 40. Bxf7
Rc5 41. Bxe6 Qc6 42. Qb8+ Ke7 43. Bxf5 1-0

[Event "64. BEM 2010"]
[Site "Dortmund"]
[Date "2010.02.23"]
[Round "2.13"]
[White "Vogt, Christian"]
[Black "Schultz, Bernfried"]
[Result "0-1"]
[WhiteElo "1357"]
[BlackElo "1710"]
[PlyCount "52"]
[EventDate "2010.??.??"]
[Source "SG Dortmund"]
[SourceDate "2004.12.16"]

1. d4 Nf6 2. c4 e5 3. dxe5 Ng4 4. Bf4 Bc5 5. e3 d6 6. Nf3 Nc6 7. exd6 cxd6 8.
Be2 Qf6 9. Nc3 O-O 10. O-O Be6 11. a3 a5 12. Ne4 Qxb2 13. Nxc5 dxc5 14. Bd3
Rfd8 15. Qe2 Qc3 16. Rfd1 a4 17. Ng5 Nf6 18. Nxe6 fxe6 19. Qc2 Qb3 20. Bg5 Ne5
21. Qxb3 axb3 22. Be2 Rxd1+ 23. Bxd1 b2 24. Rb1 Ne4 25. Rxb2 Rxa3 26. f4 Ra1
0-1

[Event "64. BEM 2010"]
[Site "Dortmund"]
[Date "2010.02.23"]
[Round "2.14"]
[White "Campana, Rafael"]
[Black "Komenda, Thomas"]
[Result "1/2-1/2"]
[WhiteElo "1708"]
[BlackElo "1461"]
[PlyCount "90"]
[EventDate "2010.??.??"]
[Source "SG Dortmund"]
[SourceDate "2004.12.16"]

1. Nf3 Nf6 2. d4 g6 3. g3 Bg7 4. Bg2 d6 5. O-O O-O 6. c4 c5 7. e3 Na6 8. Nc3
Rb8 9. Re1 Nc7 10. a4 a6 11. h3 b5 12. a5 Bb7 13. Qe2 Ne4 14. Rd1 Nxc3 15. bxc3
cxd4 16. cxd4 bxc4 17. Qxc4 Nb5 18. Qd3 Qd7 19. Bd2 Rbc8 20. Rac1 Rxc1 21. Rxc1
Rc8 22. Kh2 Rxc1 23. Bxc1 Qc7 24. Bd2 Bd5 25. e4 Qc4 26. Bf1 Qxd3 27. Bxd3 Bb7
28. d5 Nd4 29. Nxd4 Bxd4 30. Kg2 e6 31. Bc4 exd5 32. exd5 Bc5 33. f4 f5 34. Kf3
Kf7 35. Be1 Bc8 36. Bc3 Bb7 37. g4 Bc8 38. g5 Bb7 39. Kg3 Bc8 40. h4 Bb7 41.
Kh3 Bc8 42. Be2 Bb7 43. Bf3 Be3 44. Kg3 Bc5 45. Bd2 Ba3 {und die Partie endete
nach einigen weiteren, nicht eindeutig zu rekonstruierenden Zuegen
erwartungsgemaess remis ...} 1/2-1/2

[Event "64. BEM 2010"]
[Site "Dortmund"]
[Date "2010.02.23"]
[Round "2.15"]
[White "Weih, Kurt"]
[Black "Krüger, Georg"]
[Result "1/2-1/2"]
[WhiteElo "1356"]
[BlackElo "1679"]
[PlyCount "42"]
[EventDate "2010.??.??"]
[Source "SG Dortmund"]
[SourceDate "2004.12.16"]

1. e4 e5 2. Nf3 Nf6 3. Nc3 Nc6 4. Bc4 Bb4 5. d3 O-O 6. a3 Bxc3+ 7. bxc3 d6 8.
h3 h6 9. O-O Re8 10. Re1 a6 11. Be3 b6 12. Qd2 Be6 13. Bxe6 Rxe6 14. Kh1 d5 15.
exd5 Nxd5 16. c4 Nxe3 17. Rxe3 f6 18. Re4 f5 19. Re3 Qe7 20. Rae1 Rd8 21. Qc1
a5 1/2-1/2

[Event "64. BEM 2010"]
[Site "Dortmund"]
[Date "2010.02.23"]
[Round "2.16"]
[White "Benke, Werner"]
[Black "Krüger, Inge"]
[Result "1-0"]
[WhiteElo "1613"]
[BlackElo "1390"]
[PlyCount "113"]
[EventDate "2010.??.??"]
[Source "SG Dortmund"]
[SourceDate "2004.12.16"]

1. e4 e6 2. d4 d5 3. e5 c5 4. c3 cxd4 5. cxd4 Ne7 6. Nf3 Nec6 7. Nc3 Be7 8. Be2
O-O 9. O-O Nd7 10. Bf4 f6 11. Qd2 fxe5 12. Nxe5 Nf6 13. Rac1 Bd7 14. a3 Rc8 15.
Bg3 Be8 16. h3 a6 17. Kh1 b5 18. Nf3 Na5 19. Qd1 Bg6 20. Ne5 Be8 21. Ng4 Nc4
22. Bxc4 bxc4 23. Qe2 Bf7 24. Ne5 Qe8 25. Rfe1 Nh5 26. Bh2 Bg5 27. Rcd1 Nf4 28.
Bxf4 Bxf4 29. Nxf7 Qxf7 30. Qxe6 Qxe6 31. Rxe6 Rb8 32. Rb1 Bd2 33. Nd1 c3 34.
Rc6 cxb2 35. Rc2 Bc1 36. Kg1 Rfc8 37. Rxc8+ Rxc8 38. Nxb2 Rc2 39. Nd3 Bxa3 40.
Nf4 Rd2 41. Nxd5 Rxd4 42. Ne3 a5 43. Rb8+ Kf7 44. Rb7+ Kg6 45. Rb6+ Kf7 46. Kf1
a4 47. Ke2 Be7 48. Rb7 g6 49. Ng4 a3 50. Ra7 Ke6 51. Ne3 Rb4 52. Rxe7+ Kxe7 53.
Nd5+ Kd6 54. Nxb4 Kc5 55. Nc2 a2 56. Kd3 Kd5 57. Nb4+ 1-0

[Event "64. BEM 2010"]
[Site "Dortmund"]
[Date "2010.02.23"]
[Round "2.17"]
[White "Imrek, Ozan Mert"]
[Black "Duschek, Günter"]
[Result "1-0"]
[WhiteElo "1351"]
[BlackElo "1607"]
[PlyCount "53"]
[EventDate "2010.??.??"]
[Source "SG Dortmund"]
[SourceDate "2004.12.16"]

1. d4 d5 2. c4 e5 3. dxe5 d4 4. Nf3 Bb4+ 5. Nbd2 c5 6. g3 Be6 7. Bg2 Nc6 8. O-O
Bf5 9. Nh4 Be6 10. f4 Bxd2 11. Bxd2 Bxc4 12. Nf5 g6 13. Nd6+ Kf8 14. Nxc4 Nge7
15. Nd6 Qd7 16. Qb3 Nd8 17. Rac1 Qc7 18. Bb4 Rb8 19. Bxc5 Qa5 20. f5 b6 21. f6
Nec6 22. Nb7+ bxc5 23. Nxa5 Rxb3 24. Nxb3 Nxe5 25. Rxc5 Ng4 26. Rc8 Nxf6 27.
Rxf6 1-0